000 00584nam a2200181Ia 4500
003 IN-BaIIA
008 211028s9999 xx 000 0 eng d
040 _cIIA Library
080 _a92:52
_bWIL
100 _aWilson, Margaret
_911713
245 0 _aNinth astronomer royal : the life of Frank Watson Dyson
_cMargaret Wilson
260 _aCambridge
_bW Heffer & Sons
_c1981
300 _axiv, 294p.
650 _aBiography-Frank Watson Dyson
_911714
650 _aFrank Watson Dyson Biography
_911715
650 _aNASA Thesaurus
942 _cBK
999 _c6832
_d6832